La marca (Record no. 88307)

MARC details
000 -LEADER
campo de control de longitud fija 00587nam a2200169 i 4500
001 - NÚMERO DE CONTROL
campo de control 88307
003 - IDENTIFICADOR DE NÚMERO DE CONTROL
campo de control ES-MaACL
005 - FECHA Y HORA DE LA ÚLTIMA TRANSACCIÓN
campo de control 20230906175833.0
007 - CAMPO FIJO DE DESCRIPCIÓN FÍSICA--INFORMACIÓN GENERAL
campo de control de longitud fija t|
008 - DATOS DE LONGITUD FIJA--INFORMACIÓN GENERAL
campo de control de longitud fija 050104s1966 sp ||||1| spa d
100 1# - ENTRADA PRINCIPAL--NOMBRE DE PERSONA
Nombre de persona La Granja, Fernando de.
9 (RLIN) 69155
245 13 - MENCIÓN DEL TÍTULO
Título La marca
Resto del título : superior en la obra de Al-Udri /
Mención de responsabilidad, etc. Fernando de La Granja.
260 ## - PUBLICACIÓN, DISTRIBUCIÓN, ETC.
Lugar de publicación, distribución, etc. Zaragoza :
Nombre del editor, distribuidor, etc. Consejo Superior de Investigaciones Científicas, Escuela de Estudios Medievales,
Fecha de publicación, distribución, etc. 1966.
300 ## - DESCRIPCIÓN FÍSICA
Extensión 102 p. ;
Dimensiones 25 cm.
710 2# - ENTRADA AGREGADA--NOMBRE DE ENTIDAD CORPORATIVA
Nombre de entidad corporativa o nombre de jurisdicción como elemento de entrada Escuela de Estudios Medievales (España)
9 (RLIN) 170983
852 ## - LOCALIZACIÓN
Ubicación ES-MaACL
Número de control de estantería C-30903
Sublocalización o colección R.61621
Holdings
Estatus retirado Estado de pérdida Estado de daño No para préstamo Biblioteca de origen Biblioteca actual Ubicación en estantería Fecha de adquisición Fuente de adquisición Total de préstamos Signatura topográfica completa Código de barras Visto por última vez Precio de reemplazo Tipo de ítem Koha
        Biblioteca del Ateneo de Madrid Biblioteca del Ateneo de Madrid Depósito 2 17/01/2008     C-30903 1092245 23/02/2023 23/02/2023 Libro impreso